| 000 | 00450nam a2200169Ia 4500 | ||
|---|---|---|---|
| 003 | LK-CoDNM | ||
| 008 | 010623t xxu||||| |||| 00| 1 eng d | ||
| 040 |
_aLK-CoDNM _dLK-CoDNM _eLK-CoDNM |
||
| 041 | _aeng | ||
| 080 | _a02(540) IND | ||
| 100 | _aSharma,Ravindra.N. | ||
| 245 | _aIndian Librarianship Perspectives and Prospects | ||
| 260 |
_bKalyani Publishers _aNew Delhi |
||
| 300 | _bviii,333p., 22 cm | ||
| 650 | _aLibrary Science | ||
| 942 | _cBK | ||
| 999 |
_c134713 _d134713 |
||